| 000 | 00338nam a2200121Ia 4500 | ||
|---|---|---|---|
| 008 | 240731s9999 xx 000 0 und d | ||
| 022 | _a1469-6703 | ||
| 245 | 0 | _aEthics, Place & Environment : A Journal of Philosophy & Geography | |
| 260 | _bRoutledge | ||
| 856 | _uhttps://www.tandfonline.com/loi/cepe20 | ||
| 942 | _2ddc | ||
| 942 | _cTFEJ | ||
| 999 |
_c76480 _d76480 |
||
| 945 |
_a1 _bMadushi Gamage _c1 _dMadushi Gamage |
||